00771nam a2200169 a 450000100100000000500170001000800410002704000250006808200140009310000320010724500640013926001000020330000210030359000750032495201850039999900170058400003564320200930074510.0111107s1959 cu 000 0 spa d aDO-SdBNPbspacBNPHu axxxbT6891 aTorre, Silvio de la,96155913aLa educación en los Estados Unidos /cSilvio de la Torre. aLa Habana :bUniversidad Central de las Villas ;bDepartamento de Relaciones Culturales,c1959. a279 p. ;c20 cm. aPerteneció a la biblioteca personal de Juan Isidro Jimenes Grullón 001050718RVaGRbGRcCTd2011-11-07iLF1l0oxxx T689p35643-10r2020-06-25w2020-06-25y1zPerteneció a la biblioteca personal de Juan Isidro Jimenes- GrullónZNo se presta c35134d35134